| 000 | 00551nam a22002057a 4500 | ||
|---|---|---|---|
| 003 | 0 | ||
| 005 | 20260116131122.0 | ||
| 008 | 260116b xxu||||| |||| 00| 0 eng d | ||
| 020 | _a978-981-09-3085-1 | ||
| 050 |
_aFIC _bSt1 2015 |
||
| 082 |
_aFIC _bSt1 2015 |
||
| 100 | _aWatson, Jude | ||
| 245 |
_aDeath on Naboo _cJude Watson |
||
| 260 |
_aNew York, NY : _bScholastic Inc., _c2015. |
||
| 300 |
_a135 pages ; _c20 cm. |
||
| 440 |
_aStar Wars Last of the Jedi _v4 |
||
| 650 | _aStar wars fiction. | ||
| 650 | _aJuvenile fiction. | ||
| 942 |
_2ddc _cBK |
||
| 999 |
_c368724 _d368724 |
||